000 00736pam a2200241 a 4500
001 565770
005 20180123042818.0
008 890127s1989 inua b 001 0 eng
010 _a 89040018
020 _a0268013764 :
_c$21.95
040 _aDLC
_cDLC
_dDLC
041 _aeng
043 _an-us---
_an-mx---
080 _a330.97210834 pau
082 0 0 _a330.97210834 pau
_220
100 1 _a20
101 _apol
245 1 4 _aThe Mexican-American border region :
_cRaul A. Fernandez.
504 _aBibliography: p. 125-143.
906 _a7
_bcbc
_corignew
_d1
_eocip
_f19
_gy-gencatlg
942 _2ddc
_cBK
999 _c40742
_d40742